[Event "Piacenza Region-ch"]
[Site "Piacenza"]
[Date "2023.01.15"]
[Round "5"]
[White "Molinelli, Luigi"]
[Black "Bergonzi, Andrea"]
[Result "0-1"]
[WhiteElo "1175"]
[BlackElo "1378"]
[PlyCount "76"]
[EventDate "2023.01.13"]
[EventType "swiss"]
[EventRounds "5"]
[EventCountry "ITA"]
[SourceTitle "CBM 212 Extra"]
[Source "ChessBase"]
[SourceDate "2023.03.31"]
[SourceVersion "1"]
[SourceVersionDate "2023.03.31"]
[SourceQuality "1"]

1. d4 Nf6 2. Nf3 e6 3. c3 b6 4. e3 Bb7 5. Be2 Be7 6. Nbd2 0-0 7. 0-0 d6 8. Bd3 d5 9. Ne5 Nbd7 10. Ndf3 Ne4 11. Nxd7 Qxd7 12. Bxe4 dxe4 13. Ne5 Qc8 14. f4 f6 15. Nc4 c5 16. dxc5 Bxc5 17. Nd6 Qc7 18. Nxb7 Qxb7 19. Qb3 Qc6 20. a4 Rfe8 21. Rd1 Rad8 22. Rxd8 Rxd8 23. Qc2 Rd3 24. Qe2 Qd5 25. Kf2 Bd6 26. Qc2 Qh5 27. b4 g5 28. Qe2 Qxe2+ 29. Kxe2 Rxc3 30. fxg5 fxg5 31. g3 Bxb4 32. Kd1 Bc5 33. Ra2 Kf7 34. a5 Kg6 35. axb6 Bxb6 36. Rc2 Rxc2 37. Kxc2 Kf5 38. Kd1 Kg4 0-1

[Event "Piacenza Region-ch"]
[Site "Piacenza"]
[Date "2023.01.15"]
[Round "4"]
[White "Pambieri, Victor"]
[Black "Molinelli, Luigi"]
[Result "1-0"]
[WhiteElo "1429"]
[BlackElo "1175"]
[PlyCount "71"]
[EventDate "2023.01.13"]
[EventType "swiss"]
[EventRounds "5"]
[EventCountry "ITA"]
[SourceTitle "CBM 212 Extra"]
[Source "ChessBase"]
[SourceDate "2023.03.31"]
[SourceVersion "1"]
[SourceVersionDate "2023.03.31"]
[SourceQuality "1"]

1. d4 b6 2. e4 Bb7 3. Nc3 e6 4. Nf3 Bb4 5. Bd3 Nf6 6. Bg5 h6 7. Bxf6 Qxf6 8. Qd2 Nc6 9. a3 Bxc3 10. Qxc3 d6 11. Bb5 0-0 12. Bxc6 Bxc6 13. Qxc6 d5 14. e5 Qe7 15. 0-0 Rfd8 16. Rac1 a6 17. Qc3 b5 18. Qb4 Qd7 19. b3 a5 20. Qd2 b4 21. axb4 axb4 22. Qxb4 Rdb8 23. Qd2 Rb6 24. Ra1 Rba6 25. Rxa6 Rxa6 26. c4 c6 27. Qd3 Qa7 28. Rb1 Ra3 29. h3 dxc4 30. Qxc4 Ra1 31. Rxa1 Qxa1+ 32. Kh2 Qa8 33. b4 Qb7 34. Nd2 Kh7 35. Ne4 Qc7 36. b5 1-0

[Event "Piacenza Region-ch"]
[Site "Piacenza"]
[Date "2023.01.14"]
[Round "2"]
[White "Pambieri, Nicole"]
[Black "Molinelli, Luigi"]
[Result "1-0"]
[WhiteElo "999"]
[BlackElo "1175"]
[PlyCount "53"]
[EventDate "2023.01.13"]
[EventType "swiss"]
[EventRounds "5"]
[EventCountry "ITA"]
[SourceTitle "CBM 212 Extra"]
[Source "ChessBase"]
[SourceDate "2023.03.31"]
[SourceVersion "1"]
[SourceVersionDate "2023.03.31"]
[SourceQuality "1"]

1. e4 c5 2. Nf3 Nc6 3. Bc4 e6 4. Nc3 a6 5. a3 Qc7 6. d4 cxd4 7. Nxd4 Nf6 8. Bg5 Be7 9. Nxc6 bxc6 10. 0-0 h5 11. h4 Ng4 12. g3 Bxg5 13. hxg5 Bb7 14. Re1 0-0-0 15. Qe2 Qb6 16. Na4 Qa5 17. b3 Ne5 18. Rad1 Nxc4 19. Qxc4 d5 20. exd5 exd5 21. Qd4 Rde8 22. Rxe8+ Rxe8 23. Kh2 Re1 24. Rxe1 Qxe1 25. g6 f6 26. Qf4 Qe7 27. Nb6+ 1-0

[Event "Piacenza Ruscitti Memorial 1st"]
[Site "Piacenza"]
[Date "2022.10.23"]
[Round "4"]
[White "Molinelli, Luigi"]
[Black "De Simone, Alessandro"]
[Result "0-1"]
[WhiteElo "1182"]
[BlackElo "1231"]
[PlyCount "50"]
[EventDate "2022.10.22"]
[EventType "swiss"]
[EventRounds "5"]
[EventCountry "ITA"]
[SourceTitle "EXT 2024"]
[Source "ChessBase"]
[SourceDate "2023.10.10"]
[SourceVersion "1"]
[SourceVersionDate "2023.10.10"]
[SourceQuality "1"]

1. b3 e5 2. Bb2 Nc6 3. e3 a6 4. c4 Nf6 5. Nc3 d5 6. cxd5 Nxd5 7. Nxd5 Qxd5 8. Qf3 Qxf3 9. Nxf3 f6 10. a3 Be6 11. Bc4 Bxc4 12. bxc4 0-0-0 13. d4 exd4 14. Nxd4 Ne5 15. Rb1 Nxc4 16. 0-0 Nd2 17. Ne6 Re8 18. Rfd1 Nxb1 19. Rxb1 Rxe6 20. Rd1 Rd6 21. Rxd6 Bxd6 22. Kf1 Rd8 23. Ke2 h5 24. h3 Be5 25. Bxe5 fxe5 0-1

[Event "Parma Province-ch"]
[Site "Salsomaggiore Terme"]
[Date "2016.03.20"]
[Round "4"]
[White "Fischetti, Luciano"]
[Black "Molinelli, Luigi"]
[Result "1-0"]
[WhiteElo "1552"]
[BlackElo "1286"]
[PlyCount "107"]
[EventDate "2016.03.18"]
[EventType "swiss"]
[EventRounds "5"]
[EventCountry "ITA"]
[SourceTitle "EXT 2018"]
[Source "ChessBase"]
[SourceDate "2017.10.13"]
[SourceVersion "1"]
[SourceVersionDate "2017.10.13"]
[SourceQuality "1"]

1. f4 b6 2. Nf3 Bb7 3. e3 e6 4. g3 Nf6 5. Bg2 d5 6. 0-0 Nbd7 7. c3 Be7 8. d3 0-0 9. Qc2 Rc8 10. Nbd2 c5 11. b3 Rc7 12. Bb2 c4 13. bxc4 dxc4 14. d4 Qc8 15. Rae1 Re8 16. e4 Nf8 17. e5 Nd5 18. Ne4 Qd8 19. Qf2 b5 20. Nfg5 b4 21. Nc5 Bxc5 22. dxc5 bxc3 23. Ba3 Qc8 24. Be4 g6 25. Nf3 Rd8 26. Nd4 Qa8 27. Nb5 Rcd7 28. Nd6 Bc6 29. g4 Ne7 30. Qc2 Nd5 31. f5 Rc7 32. h4 Ne7 33. f6 Bxe4 34. Rxe4 Nd5 35. Qc1 Nd7 36. Qh6 N7xf6 37. exf6 Nxf6 38. Rxf6 Rdd7 39. Rxc4 Qd5 40. Qf4 Qd1+ 41. Kf2 Qc2+ 42. Ke1 Qb1+ 43. Bc1 Re7 44. Rxc3 Qxa2 45. Qe5 Qg2 46. Rf4 Qd5 47. Re4 Qxe5 48. Rxe5 Rc6 49. Rb3 Kg7 50. Bb2 f6 51. Re2 e5 52. Rb7 Rec7 53. Rxc7+ Rxc7 54. Ne8+ 1-0

[Event "Parma Province-ch"]
[Site "Salsomaggiore Terme"]
[Date "2016.03.19"]
[Round "3"]
[White "Taddia, Davide"]
[Black "Molinelli, Luigi"]
[Result "1-0"]
[WhiteElo "1459"]
[BlackElo "1286"]
[PlyCount "101"]
[EventDate "2016.03.18"]
[EventType "swiss"]
[EventRounds "5"]
[EventCountry "ITA"]
[SourceTitle "EXT 2018"]
[Source "ChessBase"]
[SourceDate "2017.10.13"]
[SourceVersion "1"]
[SourceVersionDate "2017.10.13"]
[SourceQuality "1"]

1. d4 b6 2. Nc3 e6 3. d5 Bb7 4. dxe6 fxe6 5. Nf3 Nf6 6. Bg5 Be7 7. g3 Nd5 8. Bd2 Nf6 9. Bg2 0-0 10. 0-0 Nd5 11. Re1 Bf6 12. e4 Nxc3 13. Bxc3 Bxc3 14. bxc3 Qe7 15. c4 Na6 16. Qe2 Nc5 17. Nd2 e5 18. a4 a5 19. f3 Ne6 20. Nb3 Rf7 21. c3 Ba6 22. Nd2 Raf8 23. Rf1 Nc5 24. Qe3 d6 25. Ra3 Bc8 26. Rf2 Bd7 27. Nb3 Nxa4 28. Bf1 Nc5 29. Nxc5 dxc5 30. Bd3 Rf6 31. f4 exf4 32. Rxf4 Rxf4 33. gxf4 Qh4 34. f5 Qg4+ 35. Qg3 Qd1+ 36. Kg2 Qd2+ 37. Kh3 Qh6+ 38. Qh4 Qd6 39. Qg3 Qxg3+ 40. hxg3 g6 41. g4 gxf5 42. gxf5 Rf6 43. Ra2 Rh6+ 44. Kg4 Rh1 45. e5 Rg1+ 46. Kf4 Bc6 47. f6 h5 48. Kf5 Rg3 49. Rd2 h4 50. Ke6 Kf8 51. Be4 1-0

[Event "Crema op 15th"]
[Site "Crema"]
[Date "2013.09.01"]
[Round "6"]
[White "Frugoni, Giulio"]
[Black "Molinelli, Luigi"]
[Result "1-0"]
[WhiteElo "1599"]
[BlackElo "1236"]
[PlyCount "29"]
[EventDate "2013.08.30"]
[EventType "swiss"]
[EventRounds "6"]
[EventCountry "ITA"]
[SourceTitle "EXT 2015"]
[Source "ChessBase"]
[SourceDate "2014.11.20"]
[SourceVersion "1"]
[SourceVersionDate "2014.11.20"]
[SourceQuality "1"]

1. Nf3 b6 2. d4 Bb7 3. Nc3 e6 4. e4 Bb4 5. Bg5 f6 6. Bd2 Bxc3 7. bxc3 Bxe4 8. Nh4 Bb7 9. Qh5+ Ke7 10. Ng6+ hxg6 11. Qxh8 Kf7 12. Bd3 d5 13. g4 Nd7 14. Bxg6+ Kf8 15. 0-0-0 1-0

[Event "Condino op 13th"]
[Site "Condino"]
[Date "2013.07.21"]
[Round "1"]
[White "Molinelli, Luigi"]
[Black "Schaberg, Wolfgang"]
[Result "0-1"]
[WhiteElo "1251"]
[BlackElo "1887"]
[PlyCount "90"]
[EventDate "2013.07.21"]
[EventType "swiss"]
[EventRounds "7"]
[EventCountry "ITA"]
[SourceTitle "EXT 2015"]
[Source "ChessBase"]
[SourceDate "2014.11.20"]
[SourceVersion "1"]
[SourceVersionDate "2014.11.20"]
[SourceQuality "1"]

1. d4 Nf6 2. Nf3 g6 3. e3 Bg7 4. Nbd2 d5 5. Be2 0-0 6. 0-0 Nbd7 7. c4 c6 8. Re1 Re8 9. cxd5 cxd5 10. Bd3 Nb6 11. Ne5 Nfd7 12. Ndf3 f6 13. Nxg6 e5 14. dxe5 fxe5 15. Ngxe5 Nxe5 16. Nxe5 Bxe5 17. Qh5 Re7 18. Qg5+ Kh8 19. Qh4 Bd7 20. f4 Bc7 21. Bd2 Kg8 22. Bc3 Rg7 23. Bf6 Qf8 24. Bxg7 Qxg7 25. Qg5 Qxg5 26. fxg5 Be5 27. Rab1 Nc4 28. Bc2 Kg7 29. h3 Nxb2 30. Rf1 b6 31. Bf5 Rd8 32. Bxd7 Rxd7 33. Rf5 Bc3 34. Rbf1 Nc4 35. Kf2 Bd2 36. Ke2 Bxe3 37. h4 Bc5 38. R5f3 Re7+ 39. Kd3 Ne5+ 40. Kc3 d4+ 41. Kb3 Nxf3 42. gxf3 b5 43. f4 Re3+ 44. Kc2 Rc3+ 45. Kd2 Ra3 0-1

[Event "Milan SSM July"]
[Site "Milan"]
[Date "2012.07.01"]
[Round "4"]
[White "Agnello, Francesco Claudio"]
[Black "Molinelli, Luigi"]
[Result "1-0"]
[WhiteElo "1608"]
[BlackElo "1251"]
[PlyCount "39"]
[EventDate "2012.06.28"]
[EventType "swiss"]
[EventRounds "5"]
[EventCountry "ITA"]
[SourceTitle "EXT 2024"]
[Source "ChessBase"]
[SourceDate "2023.10.10"]
[SourceVersion "1"]
[SourceVersionDate "2023.10.10"]
[SourceQuality "1"]

1. d4 Nf6 2. Bg5 g6 3. Bxf6 exf6 4. Nf3 Bg7 5. g3 0-0 6. Bg2 d6 7. 0-0 f5 8. Nc3 Nc6 9. e3 Ne7 10. a3 Rb8 11. Ne2 b6 12. c4 c5 13. Qc2 Bb7 14. d5 Ba6 15. a4 Qd7 16. Rac1 Rb7 17. b3 Rfb8 18. Nc3 b5 19. axb5 Bxb5 20. cxb5 1-0

[Event "Milan SSM July"]
[Site "Milan"]
[Date "2012.06.30"]
[Round "3"]
[White "Molinelli, Luigi"]
[Black "Colica, Daniele"]
[Result "0-1"]
[WhiteElo "1251"]
[BlackElo "1679"]
[PlyCount "126"]
[EventDate "2012.06.28"]
[EventType "swiss"]
[EventRounds "5"]
[EventCountry "ITA"]
[SourceTitle "EXT 2024"]
[Source "ChessBase"]
[SourceDate "2023.10.10"]
[SourceVersion "1"]
[SourceVersionDate "2023.10.10"]
[SourceQuality "1"]

1. d4 Nf6 2. Nf3 b6 3. g3 Bb7 4. Bg2 e6 5. a3 Be7 6. 0-0 0-0 7. Nc3 c5 8. Bf4 cxd4 9. Nb5 d6 10. Nbxd4 e5 11. Nxe5 Bxg2 12. Kxg2 dxe5 13. Bxe5 Qd5+ 14. Nf3 Qb7 15. Kg1 Nc6 16. Bc3 Rfd8 17. Qc1 Ne4 18. Qe3 Nxc3 19. Qxc3 Bf6 20. Qb3 Nd4 21. Nxd4 Rxd4 22. Rad1 Rad8 23. c3 Rxd1 24. Rxd1 Rxd1+ 25. Qxd1 h6 26. Qd3 Qe7 27. e4 Qd8 28. Qxd8+ Bxd8 29. Kg2 Kf8 30. Kf3 Bg5 31. b3 Bc1 32. a4 Bb2 33. c4 Bd4 34. g4 a5 35. Ke2 Ke7 36. f4 Kd6 37. Kd3 Bg1 38. h3 Bh2 39. e5+ Ke6 40. Ke4 g6 41. f5+ Ke7 42. Kd5 Kd7 43. e6+ fxe6+ 44. fxe6+ Ke7 45. c5 bxc5 46. Kxc5 Kxe6 47. Kb6 Kd6 48. Kxa5 Kc6 49. Kb4 Bf4 50. Kc4 Bd2 51. b4 Kb6 52. a5+ Ka6 53. Kc5 Be1 54. Kc4 Bf2 55. b5+ Kxa5 56. Kd5 Kxb5 57. Ke6 Kc6 58. Kf6 h5 59. Kxg6 h4 60. Kf6 Kd6 61. Kf7 Ke5 62. g5 Kf5 63. g6 Bd4 0-1

[Event "Milan SSM July"]
[Site "Milan"]
[Date "2012.06.29"]
[Round "2"]
[White "Calabrese, Maurizio"]
[Black "Molinelli, Luigi"]
[Result "0-1"]
[WhiteElo "1550"]
[BlackElo "1251"]
[PlyCount "92"]
[EventDate "2012.06.28"]
[EventType "swiss"]
[EventRounds "5"]
[EventCountry "ITA"]
[SourceTitle "EXT 2024"]
[Source "ChessBase"]
[SourceDate "2023.10.10"]
[SourceVersion "1"]
[SourceVersionDate "2023.10.10"]
[SourceQuality "1"]

1. d4 Nf6 2. c4 g6 3. Nc3 d6 4. e4 Bg7 5. f4 0-0 6. e5 Ne8 7. Nf3 dxe5 8. Nxe5 Nd6 9. c5 Nf5 10. d5 Nd7 11. Nxd7 Bxd7 12. Qd3 e6 13. Be3 exd5 14. Nxd5 Bc6 15. Nc3 Qe7 16. Kf2 Rad8 17. Qe2 Qh4+ 18. Kg1 Bd4 19. Bxd4 Nxd4 20. Qf2 Qf6 21. h4 h5 22. Rh3 Nf5 23. Bb5 Nd4 24. Bxc6 Nxc6 25. Kh1 Rfe8 26. Rg1 Nb4 27. g4 Nd3 28. Rxd3 Rxd3 29. Kh2 Qe6 30. Rg2 hxg4 31. Nb5 Rh3+ 32. Kg1 Re7 33. Nd4 Qe1+ 34. Qxe1 Rxe1+ 35. Kf2 Reh1 36. Rxg4 R1h2+ 37. Rg2 Rxh4 38. Ne2 Kg7 39. a3 Kf6 40. Rxh2 Rxh2+ 41. Kf3 Rh3+ 42. Ke4 Rb3 43. Nc3 c6 44. Nd1 Ke6 45. Kd4 Kf5 46. Ne3+ Kxf4 0-1

[Event "Arco op"]
[Site "Arco"]
[Date "2011.12.27"]
[Round "3"]
[White "Silini, Riccardo"]
[Black "Molinelli, Luigi"]
[Result "1-0"]
[WhiteElo "1823"]
[BlackElo "1267"]
[PlyCount "52"]
[EventDate "2011.12.26"]
[EventType "swiss"]
[EventRounds "7"]
[EventCountry "ITA"]
[SourceTitle "EXT 2023"]
[Source "ChessBase"]
[SourceDate "2022.10.05"]
[SourceVersion "1"]
[SourceVersionDate "2022.10.05"]
[SourceQuality "1"]

1. Nf3 e6 2. e4 c5 3. c3 Nc6 4. d4 cxd4 5. Nxd4 a6 6. a4 Qc7 7. Nxc6 bxc6 8. Bd3 Nf6 9. f4 d5 10. e5 Nd7 11. b4 Be7 12. 0-0 c5 13. Ba3 c4 14. Bc2 Qa7+ 15. Kh1 h5 16. Nd2 g6 17. Nf3 Bb7 18. Nd4 Qb8 19. b5 Bxa3 20. Rxa3 axb5 21. Nxb5 Ke7 22. Qb1 Rg8 23. Qb4+ Kd8 24. Nd6 Ba6 25. Nxf7+ Kc7 26. Qd6+ Kc8 1-0

[Event "Codogno op 3rd B"]
[Site "Codogno"]
[Date "2011.10.16"]
[Round "5"]
[White "Marzatico, Luca"]
[Black "Molinelli, Luigi"]
[Result "0-1"]
[WhiteElo "1428"]
[BlackElo "1263"]
[PlyCount "42"]
[EventDate "2011.10.14"]
[EventType "swiss"]
[EventRounds "5"]
[EventCountry "ITA"]
[SourceTitle "EXT 2024"]
[Source "ChessBase"]
[SourceDate "2023.10.10"]
[SourceVersion "1"]
[SourceVersionDate "2023.10.10"]
[SourceQuality "1"]

1. d4 Nf6 2. Bf4 g6 3. Nf3 Bg7 4. e3 0-0 5. Bd3 d6 6. c3 c5 7. Nbd2 cxd4 8. cxd4 Nc6 9. Ng5 e5 10. dxe5 dxe5 11. Qb3 exf4 12. Bc4 Ne5 13. 0-0-0 fxe3 14. Nf1 Qc7 15. Nxe3 Nxc4 16. Nxc4 Qf4+ 17. Rd2 Qxg5 18. Ne3 Ne4 19. Re2 Nc5 20. Qc4 Be6 21. Qb4 Nd3+ 0-1

[Event "Codogno op 3rd B"]
[Site "Codogno"]
[Date "2011.10.15"]
[Round "2"]
[White "Molinelli, Luigi"]
[Black "Losi, Paolo"]
[Result "0-1"]
[WhiteElo "1263"]
[BlackElo "1730"]
[PlyCount "52"]
[EventDate "2011.10.14"]
[EventType "swiss"]
[EventRounds "5"]
[EventCountry "ITA"]
[SourceTitle "EXT 2024"]
[Source "ChessBase"]
[SourceDate "2023.10.10"]
[SourceVersion "1"]
[SourceVersionDate "2023.10.10"]
[SourceQuality "1"]

1. d4 d5 2. c4 c6 3. Nf3 Bf5 4. Nc3 e6 5. Bf4 Bd6 6. Bxd6 Qxd6 7. g3 Nd7 8. Bg2 dxc4 9. 0-0 Ngf6 10. Ne5 Nxe5 11. dxe5 Qxe5 12. e3 0-0 13. Qe2 Bd3 14. Qe1 Bxf1 15. Bxf1 b5 16. Bg2 Rac8 17. a3 Nd5 18. Qc1 Rfd8 19. Ne4 c5 20. Qc2 h6 21. Qe2 g6 22. Rb1 a6 23. Rf1 f5 24. f4 Qg7 25. Nf2 c3 26. bxc3 Qxc3 0-1

[Event "Pescia op-B 4th"]
[Site "Pescia"]
[Date "2011.09.18"]
[Round "4"]
[White "Molinelli, Luigi"]
[Black "Avanzi, Gioni"]
[Result "0-1"]
[WhiteElo "1263"]
[BlackElo "1658"]
[PlyCount "70"]
[EventDate "2011.09.16"]
[EventType "swiss"]
[EventRounds "5"]
[EventCountry "ITA"]
[SourceTitle "EXT 2015"]
[Source "ChessBase"]
[SourceDate "2014.11.20"]
[SourceVersion "1"]
[SourceVersionDate "2014.11.20"]
[SourceQuality "1"]

1. d4 d5 2. Nf3 c6 3. g3 Nf6 4. Bg2 Bf5 5. c4 e6 6. 0-0 Be7 7. Nc3 Nbd7 8. cxd5 exd5 9. Re1 h6 10. b3 0-0 11. Bb2 Re8 12. e3 Ne4 13. Rc1 Ndf6 14. Ne5 Nxc3 15. Bxc3 Ne4 16. Bb2 Bb4 17. Re2 Qa5 18. a4 Nc3 19. Bxc3 Bxc3 20. g4 Bh7 21. f4 f6 22. Nf3 Be4 23. Nh4 Bxg2 24. Kxg2 Bb4 25. Qc2 Qc7 26. Rf1 Re4 27. Rf3 Rae8 28. f5 Bd6 29. Kh3 Qf7 30. Ng6 Qc7 31. Qc1 Rxd4 32. Qe1 Rde4 33. Qf2 d4 34. exd4 Rxe2 35. Qxe2 Rxe2 0-1

[Event "Lombardia Region-ch"]
[Site "Solaro"]
[Date "2010.05.30"]
[Round "5"]
[White "Molinelli, Luigi"]
[Black "Carbone, Lorenzo"]
[Result "0-1"]
[WhiteElo "1092"]
[BlackElo "1683"]
[PlyCount "50"]
[EventDate "2010.05.28"]
[EventType "swiss"]
[EventRounds "5"]
[EventCountry "ITA"]
[SourceTitle "EXT 2024"]
[Source "ChessBase"]
[SourceDate "2023.10.10"]
[SourceVersion "1"]
[SourceVersionDate "2023.10.10"]
[SourceQuality "1"]

1. d4 d5 2. c4 e6 3. Nc3 Nf6 4. Qc2 Be7 5. e3 0-0 6. Bd3 b6 7. Nge2 Bb7 8. 0-0 c5 9. b3 Nc6 10. a3 Qc7 11. f4 a6 12. Bb2 Rad8 13. Rae1 dxc4 14. bxc4 cxd4 15. Ne4 Nxe4 16. Bxe4 f5 17. Bd3 dxe3 18. Qc3 Bf6 19. Qc1 Bxb2 20. Qxb2 Rxd3 21. Rc1 Rd2 22. Rc2 Rfd8 23. Rxd2 Rxd2 24. Qa1 Rxe2 25. Rf3 Ne7 0-1

[Event "Ceriano Laghetto op-C 19th"]
[Site "Ceriano Laghetto"]
[Date "2010.03.??"]
[Round "2"]
[White "Madaschi, Sergio"]
[Black "Molinelli, Luigi"]
[Result "1-0"]
[WhiteElo "1541"]
[BlackElo "1113"]
[PlyCount "50"]
[EventDate "2010.03.??"]
[EventType "swiss"]
[EventRounds "5"]
[EventCountry "ITA"]
[SourceTitle "EXT 2024"]
[Source "ChessBase"]
[SourceDate "2023.10.10"]
[SourceVersion "1"]
[SourceVersionDate "2023.10.10"]
[SourceQuality "1"]

1. e4 e6 2. Qe2 c5 3. Nf3 Nc6 4. g3 Nf6 5. Nc3 b6 6. d3 Be7 7. e5 Nd5 8. Nxd5 exd5 9. Bg2 d4 10. 0-0 Qc7 11. Bf4 0-0 12. Rfe1 Bb7 13. a3 Qc8 14. h4 Re8 15. Nh2 Nd8 16. Bxb7 Nxb7 17. Qg4 Bf8 18. Bh6 Nd8 19. Bd2 Ne6 20. Nf3 g6 21. h5 f5 22. exf6 Qd8 23. f7+ Kxf7 24. Ne5+ Kg8 25. hxg6 h6 1-0

[Event "Modena Province-ch"]
[Site "Modena"]
[Date "2009.12.13"]
[Round "5"]
[White "Serra, Mattia"]
[Black "Molinelli, Luigi"]
[Result "1-0"]
[WhiteElo "1524"]
[BlackElo "1077"]
[PlyCount "37"]
[EventDate "2009.12.11"]
[EventType "swiss"]
[EventRounds "5"]
[EventCountry "ITA"]
[SourceTitle "EXT 2012"]
[Source "ChessBase"]
[SourceDate "2011.11.24"]
[SourceVersion "1"]
[SourceVersionDate "2011.11.24"]
[SourceQuality "1"]

1. d4 Nf6 2. c4 e6 3. Nc3 d5 4. Bg5 Be7 5. e3 0-0 6. Nf3 Nc6 7. cxd5 exd5 8. Bd3 g6 9. 0-0 Re8 10. Qc2 Bg4 11. Nd2 Bf8 12. a3 Bg7 13. h3 Bd7 14. Nxd5 Re6 15. Ne4 Kh8 16. Nc5 Rd6 17. Nxb7 Qf8 18. Nxd6 Qxd6 19. Nxf6 1-0

[Event "Modena Province-ch"]
[Site "Modena"]
[Date "2009.12.12"]
[Round "4"]
[White "Molinelli, Luigi"]
[Black "Castelli, Antonio"]
[Result "0-1"]
[WhiteElo "1077"]
[BlackElo "1749"]
[PlyCount "104"]
[EventDate "2009.12.11"]
[EventType "swiss"]
[EventRounds "5"]
[EventCountry "ITA"]
[SourceTitle "EXT 2012"]
[Source "ChessBase"]
[SourceDate "2011.11.24"]
[SourceVersion "1"]
[SourceVersionDate "2011.11.24"]
[SourceQuality "1"]

1. d4 d5 2. c4 dxc4 3. Nf3 c5 4. e3 cxd4 5. exd4 e6 6. Bxc4 Nf6 7. 0-0 Be7 8. Nc3 0-0 9. a3 Nc6 10. Ba2 Nd5 11. Nxd5 exd5 12. Be3 Be6 13. Rc1 Rc8 14. Bb1 Bf6 15. Qd2 Qb6 16. Rcd1 Qa5 17. Qd3 g6 18. Bh6 Bg7 19. Bxg7 Kxg7 20. Qe2 Rfe8 21. Ne5 Nxe5 22. Qxe5+ Kg8 23. Qe3 Bf5 24. Qh6 Bxb1 25. Rxb1 Rc2 26. Qf4 Qd2 27. Qxd2 Rxd2 28. Rfe1 Rxe1+ 29. Rxe1 Rxb2 30. Kf1 f6 31. g3 Kf7 32. Rc1 Ke6 33. Rc7 h5 34. Kg2 Rb3 35. h4 Rxa3 36. Rxb7 Ra4 37. Kf3 Rxd4 38. Rxa7 Rc4 39. Ra1 Rc6 40. Ra3 Kf5 41. Ke3 g5 42. Kd4 gxh4 43. gxh4 Rc4+ 44. Kxd5 Rxh4 45. Rf3+ Rf4 46. Rh3 h4 47. f3 Kg5 48. Ke6 Rb4 49. Kd5 Rb1 50. f4+ Kg4 51. Rh2 h3 52. Rf2 Kg3 0-1